LEADER 03583oam 2200637I 450 001 9910786833603321 005 20220427222814.0 010 $a0-429-10196-1 010 $a1-4665-6952-2 024 7 $a10.1201/b16900 035 $a(CKB)3710000000108095 035 $a(EBL)1383545 035 $a(SSID)ssj0001216437 035 $a(PQKBManifestationID)11817420 035 $a(PQKBTitleCode)TC0001216437 035 $a(PQKBWorkID)11197656 035 $a(PQKB)11711241 035 $a(OCoLC)880455885 035 $a(MiAaPQ)EBC1383545 035 $a(OCoLC)878977641 035 $a(CaSebORM)9781466569522 035 $a(EXLCZ)993710000000108095 100 $a20180331h20142014 uy 0 101 0 $aeng 135 $aur|n|---||||| 181 $ctxt 182 $cc 183 $acr 200 00$aLaser and photonic systems $edesign and integration /$fedited by Shimon Y. Nof, Andrew M. Weiner, Gary J. Cheng 205 $a1st edition 210 1$aBoca Raton :$cTaylor & Francis,$d[2014] 210 4$dİ2014 215 $a1 online resource (418 p.) 225 1 $aIndustrial and Systems Engineering Series 300 $aDescription based upon print version of record. 311 $a1-306-90616-4 311 $a1-4665-6950-6 320 $aIncludes bibliographical references. 327 $aFront Cover; Contents; Foreword; Preface; Editors; Contributors; Chapter 1: Introduction; Chapter 2: Laser-Based Manufacturing Systems for Nanomaterials and Nanostructures; Chapter 3: Photonic Systems for Crystalline Silicon and Thin-Film Photovoltaic Manufacturing; Chapter 4: Optics in Healthcare: A Systems Perspective; Chapter 5: Biomedical Applications of Coherent Light Scattering; Chapter 6: Lasers in Medicine: Innovations and Applications; Chapter 7: Shaping Ultrafast Laser Fields for Photonic Signal Processing; Chapter 8: Terahertz Wave Air Photonics: Bridging the Gap and Beyond 327 $aChapter 9: Precision Collaboration and Advanced Integration Using Laser Systems and TechniquesChapter 10: Sensing and Informatics in Laser-Based Nanomanufacturing Processes; Chapter 11: System Optimization for Laser and Photonic Applications; Chapter 12: Network Models and Operations of Laser and Photonics Systems; Chapter 13: Dynamic Resource Allocation in Human-Centered Service Robot Applications; Chapter 14: Laser Applications in Safety and Ergonomics; Chapter 15: Lasers in Our Life and Implications to Education; Back Cover 330 $aLaser and photonic technologies and solutions influenced many aspects of everyday life. With new and significant recent scientific discoveries in their fields, systems perspectives and integrated design approaches can improve even further the impact in critical areas of challenge. Yet this knowledge is dispersed across several disciplines and research arenas. This book brings together a multidisciplinary group of experts in many of these areas to foster increased understanding of the ways in which systems perspectives may influence laser and photonic innovations and application integration--$cProvided by publisher. 410 0$aIndustrial and systems engineering series. 606 $aLasers 615 0$aLasers. 676 $a621.36/6 676 $a621.366 686 $aTEC009000$aTEC019000$aTEC020000$2bisacsh 702 $aNof$b Shimon Y.$f1946- 702 $aWeiner$b Andrew M. 702 $aCheng$b Gary J. 801 0$bFlBoTFG 801 1$bFlBoTFG 906 $aBOOK 912 $a9910786833603321 996 $aLaser and photonic systems$93682172 997 $aUNINA